00726nam a2200181 a 450000100100000000500170001000800410002704000250006808200140009310000370010724501290014426000440027330000360031770000440035304900090039795201210040699900170052700002745420200930030838.0110331s1977 dr ac 000 0 spa d aDO-SdBNPbspacBNPHU axxxbJ61n1 aJiménez Belén, José92821610aNueva York es así :bpínceladas dominicanistas en la Urbe /cJosé Jiménez Belén; prológo Tomás Pujols Sanabia. aSanto Domingo :bEditora Taller,c1977. a131 p. :bil., retrs. ;c21 cm.1 aPujols Sanabia, Tomásepról.954522 aBNPD 001054708PDaPDbPDcCTd2011-03-31iLF1l0oxxx J61np27454-10r2020-06-25w2020-06-25yLFPDZPréstamo en sala c26946d26946